000 00895nmm a2200289 a 4500
001 ocm000551637
003 TR-IsHL
005 20201028122259.0
008 131028s2006 tu tur
007 cr cn
020 _a9789944986298
035 _a551637
_b(N$T)
050 0 4 _aGV508
_b.P39 2006
090 0 4 _aGV508
_b.P39 2006
100 1 _aPayri, Odile
245 1 0 _aDüz bir karına sahip olmak
_h[electronic resource] /
_cOdile Payri ; çev. Ayşen Özışık
250 _a1. bs.
260 _aİstanbul :
_bDharma Yayıncılık,
_c2006
300 _a136 p.
650 4 _aSpor, Seyahat ve Turizm
650 4 _aSports, Travel & Tourism
650 0 _aEgzersiz
650 0 _aExercise
650 7 _aHEALTH & FITNESS / Exercise
_2bisacsh
700 1 _aÖzışık, Ayşen
856 4 0 _uhttp://search.ebscohost.com/login.aspx?direct=true&scope=site&db=e011xww&AN=551637
999 _c1783
_d1783